| 000 | 00683nam a2200229Ia 4500 | ||
|---|---|---|---|
| 008 | 161112s9999 xx 000 0 und d | ||
| 020 | _a0-910627-33-9 | ||
| 050 | _aCUL HD 9057.U59 | ||
| 050 | _b.F85 2004 | ||
| 100 | _aFullen, Sharon L. | ||
| 245 | 0 | _aHow to open a financially successful bakery / | |
| 245 | 0 | _cSharon L. Fullen and Douglas Brown. | |
| 260 | _aFlorida : | ||
| 260 | _bAtlantic Publishing Group Inc., | ||
| 260 | _c2004 | ||
| 300 | _a288 pages : | ||
| 300 | _billustrations ; | ||
| 300 | _c20 cm. | ||
| 500 | _aIncludes index. | ||
| 650 | _aBakers and bakeries -- United States. | ||
| 650 | _xNew business enterprises -- United States -- Management. | ||
| 999 |
_c305206 _d305206 |
||